লোডিং...

Embedded software the works

গ্রন্থ-পঞ্জীর বিবরন
প্রধান লেখক: Walls, Colin
বিন্যাস: Printed Book
ভাষা:English
প্রকাশিত: Oxford Elsevier 2012
সংস্করন:2nd ed.
বিষয়গুলি:
LEADER 00649cam a22002055i 4500
005 20151026133311.0
008 121001s2012 ne a 000 0 eng
020 |a 9780124158221  
080 |a 004.031.6.45  |b WAL 
100 1 |a Walls, Colin 
245 1 0 |a Embedded software   |b the works  
250 |a 2nd ed. 
260 |a Oxford  |b Elsevier  |c 2012 
300 |a xl, 395 p. 
653 |a Embedded systems 
653 |a Real time operating systems 
653 |a C++ in Embedded systems 
942 |c BK  |6 _ 
999 |c 67646  |d 67646 
952 |0 0  |1 0  |2 udc  |4 0  |6 004031645_WAL  |7 0  |9 79805  |a UL  |b UL  |d 2014-02-21  |g 0.00  |o 004.031.6.45 WAL  |p 00071514  |r 2014-03-13  |v 0.00  |w 2014-02-21  |y BK